000 00535nam a2200169 4500
001 174406
003 ES-MaACL
005 20230906215522.0
008 100415s1944 pr |||| | spa d
080 _a821.134.2(729.5)-3"19"
100 1 _aMeléndez Muñoz, Miguel.
_979926
245 1 0 _aRetablo puertorriqueño /
_cMiguel Meléndez Muñoz.
250 _a2ª ed. aum.
260 _aSan Juan, Puerto Rico :
_bImp. Venezuela,
_c1944.
300 _a211 p. ;
_c19 cm.
852 4 _a BA
_jC-57163
_z. - Donativo Ateneo Puertorriqueño
999 _c174406
_d174406